[Event "Plovdiv Tringov Memorial 46th"]
[Site "Plovdiv"]
[Date "2024.08.18"]
[Round "9"]
[White "Spasov, Vasil"]
[Black "Enchev, Ivajlo"]
[Result "1/2-1/2"]
[WhiteElo "2432"]
[BlackElo "2410"]
[PlyCount "46"]
[EventDate "2024.08.11"]
[EventType "swiss"]
[EventRounds "9"]
[EventCountry "BUL"]
[SourceTitle "CBM 221 Extra"]
[Source "ChessBase"]
[SourceDate "2024.09.30"]
[SourceVersion "1"]
[SourceVersionDate "2024.09.30"]
[SourceQuality "1"]

1. e4 c6 2. d4 d5 3. Nc3 dxe4 4. Nxe4 Bf5 5. Ng3 Bg6 6. Nf3 Nf6 7. Bd3 Bxd3 8. Qxd3 e6 9. 0-0 Nbd7 10. Ne4 Nxe4 11. Qxe4 Nf6 12. Qe2 Be7 13. c4 Qc7 14. b3 0-0 15. Bb2 Rad8 16. Rad1 Rfe8 17. Rd3 Bf8 18. Rfd1 g6 19. Ne5 Bg7 20. g3 Nd7 21. Nf3 Nf6 22. Ne5 Nd7 23. Nf3 Nf6 1/2-1/2

[Event "Plovdiv Tringov Memorial 46th"]
[Site "Plovdiv"]
[Date "2024.08.14"]
[Round "5"]
[White "Enchev, Ivajlo"]
[Black "Kozhuharov, Spas"]
[Result "0-1"]
[WhiteElo "2410"]
[BlackElo "2351"]
[PlyCount "102"]
[EventDate "2024.08.11"]
[EventType "swiss"]
[EventRounds "9"]
[EventCountry "BUL"]
[SourceTitle "CBM 221 Extra"]
[Source "ChessBase"]
[SourceDate "2024.09.30"]
[SourceVersion "1"]
[SourceVersionDate "2024.09.30"]
[SourceQuality "1"]

1. Nf3 Nf6 2. c4 e6 3. Nc3 d5 4. e3 Be7 5. b3 b6 6. Bb2 Bb7 7. cxd5 exd5 8. Bb5+ c6 9. Be2 0-0 10. 0-0 Nbd7 11. d4 Bd6 12. Qc2 Qe7 13. Bd3 Rfe8 14. Ne2 Ne4 15. Ng3 Nxg3 16. hxg3 g6 17. a4 a5 18. Qc1 Rac8 19. Ba3 c5 20. dxc5 Nxc5 21. Qb1 Ne4 22. Bxd6 Qxd6 23. Qb2 Qb4 24. Rac1 Nc5 25. Bb5 Bc6 26. Bxc6 Rxc6 27. Nd4 Rcc8 28. Qc2 Kg7 29. Qb1 Kg8 30. Rfd1 Kf8 31. Rc2 Ne4 32. Nc6 Qd6 33. Na7 Rc5 34. Nb5 Qe5 35. b4 Rxc2 36. Qxc2 axb4 37. Qb3 Kg7 38. g4 Qf6 39. f3 Nc3 40. Nxc3 bxc3 41. Rd3 d4 42. Kf2 Qe5 43. Qc4 dxe3+ 44. Ke2 Qg3 45. Qxc3+ Kh6 46. Rxe3 Qxg2+ 47. Kd3 Rd8+ 48. Ke4 f5+ 49. Ke5 Qg3+ 50. f4 Re8+ 51. Kf6 Qxe3 0-1

[Event "Plovdiv Tringov Memorial 46th"]
[Site "Plovdiv"]
[Date "2024.08.13"]
[Round "4"]
[White "Stoinev, Metodi"]
[Black "Enchev, Ivajlo"]
[Result "0-1"]
[WhiteElo "2156"]
[BlackElo "2410"]
[PlyCount "108"]
[EventDate "2024.08.11"]
[EventType "swiss"]
[EventRounds "9"]
[EventCountry "BUL"]
[SourceTitle "CBM 221 Extra"]
[Source "ChessBase"]
[SourceDate "2024.09.30"]
[SourceVersion "1"]
[SourceVersionDate "2024.09.30"]
[SourceQuality "1"]

1. e4 c5 2. Nf3 e6 3. b3 Nc6 4. Bb2 a6 5. c4 Qc7 6. g3 Nf6 7. e5 Ng4 8. Bg2 Ngxe5 9. Nxe5 Nxe5 10. 0-0 f6 11. f4 Nf7 12. Re1 Be7 13. Nc3 0-0 14. Nd5 Qd8 15. Nxe7+ Qxe7 16. d4 d6 17. Bd5 cxd4 18. Qxd4 e5 19. Qb6 Rb8 20. Bxf7+ Qxf7 21. Ba3 Bg4 22. Bxd6 Qe6 23. c5 Bf3 24. Qb4 Rbd8 25. fxe5 Rf7 26. exf6 Qh3 27. Qd2 Rxf6 28. Re3 Bc6 29. Rae1 h6 30. Qe2 Rc8 31. a4 Kh8 32. Rf1 Rxf1+ 33. Qxf1 Qg4 34. Qd3 Rd8 35. a5 Bb5 36. Re4 Qg6 37. Qd4 Bc6 38. Re1 Qc2 39. Qf2 Qxb3 40. h4 Qb4 41. Re7 Qg4 42. Qf7 Qd1+ 43. Kf2 Qd2+ 44. Re2 Qd4+ 45. Ke1 Bb5 46. Re7 Qa1+ 47. Kf2 Qf1+ 48. Ke3 Qe2+ 49. Kf4 Qf2+ 50. Kg4 Qd4+ 51. Kh3 Qa1 52. Be5 Qh1+ 53. Kg4 Be2+ 54. Kf5 Qf3+ 0-1

[Event "Plovdiv Tringov Memorial 46th"]
[Site "Plovdiv"]
[Date "2024.08.11"]
[Round "1"]
[White "Andreev, Simeon"]
[Black "Enchev, Ivajlo"]
[Result "1/2-1/2"]
[WhiteElo "1935"]
[BlackElo "2410"]
[PlyCount "38"]
[EventDate "2024.08.11"]
[EventType "swiss"]
[EventRounds "9"]
[EventCountry "BUL"]
[SourceTitle "CBM 221 Extra"]
[Source "ChessBase"]
[SourceDate "2024.09.30"]
[SourceVersion "1"]
[SourceVersionDate "2024.09.30"]
[SourceQuality "1"]

1. d4 d5 2. Bf4 c5 3. c3 Nc6 4. e3 Qb6 5. Qb3 c4 6. Qc2 e5 7. dxe5 Bf5 8. Qc1 g5 9. Bg3 h5 10. h3 h4 11. Bh2 Bg7 12. Nf3 Nge7 13. Nxg5 Bxe5 14. Nf3 Bxh2 15. Rxh2 0-0-0 16. Nbd2 Ng6 17. b3 Nce5 18. Nd4 Nd3+ 19. Bxd3 Bxd3 1/2-1/2

[Event "BUL-ch"]
[Site "Sofia"]
[Date "2024.08.09"]
[Round "8"]
[White "Enchev, Ivajlo"]
[Black "Popzafirov, Danail"]
[Result "1-0"]
[WhiteElo "2410"]
[BlackElo "1895"]
[PlyCount "51"]
[EventDate "2024.08.03"]
[EventType "swiss"]
[EventRounds "9"]
[EventCountry "BUL"]
[SourceTitle "CBM 221 Extra"]
[Source "ChessBase"]
[SourceDate "2024.09.30"]
[SourceVersion "1"]
[SourceVersionDate "2024.09.30"]
[SourceQuality "1"]

1. d4 Nf6 2. Nf3 g6 3. Nc3 Bg7 4. e4 d6 5. Bc4 0-0 6. 0-0 e5 7. dxe5 dxe5 8. Qxd8 Rxd8 9. Nxe5 Be6 10. Bxe6 fxe6 11. Bg5 Na6 12. Nd3 Re8 13. Rad1 e5 14. f3 h6 15. Be3 c6 16. Rd2 b6 17. Rfd1 Bf8 18. Na4 Nb4 19. Nxb4 Bxb4 20. c3 Bf8 21. b3 Kf7 22. Nb2 g5 23. Nc4 c5 24. a4 Rac8 25. Bf2 Rc7 26. Bg3 1-0

[Event "Salon de Provence op 14th"]
[Site "Salon de Provence"]
[Date "2024.07.10"]
[Round "7"]
[White "Enchev, Ivajlo"]
[Black "Philippe, Guillaume"]
[Result "1/2-1/2"]
[WhiteElo "2416"]
[BlackElo "2359"]
[PlyCount "42"]
[EventDate "2024.07.06"]
[EventType "swiss"]
[EventRounds "9"]
[EventCountry "FRA"]
[SourceTitle "EXT 2025"]
[Source "ChessBase"]
[SourceDate "2024.10.14"]
[SourceVersion "1"]
[SourceVersionDate "2024.10.14"]
[SourceQuality "1"]

1. d4 Nf6 2. c4 e6 3. Nf3 Bb4+ 4. Nbd2 0-0 5. a3 Be7 6. e4 d6 7. Bd3 Nfd7 8. 0-0 e5 9. Nb1 exd4 10. Nxd4 Nc6 11. Be3 Bf6 12. Nxc6 bxc6 13. Nc3 Re8 14. Rc1 a5 15. Qc2 Ne5 16. Be2 Ng4 17. Bxg4 Bxg4 18. f3 Be6 19. b3 Qb8 20. Rfd1 Qb7 21. Rd3 c5 1/2-1/2

[Event "Cappelle op 40th"]
[Site "Cappelle la Grande"]
[Date "2024.03.06"]
[Round "6"]
[White "Can, Emre"]
[Black "Enchev, Ivajlo"]
[Result "1-0"]
[WhiteElo "2551"]
[BlackElo "2425"]
[PlyCount "77"]
[EventDate "2024.03.02"]
[EventType "swiss"]
[EventRounds "9"]
[EventCountry "FRA"]
[SourceTitle "CBM 219 Extra"]
[Source "ChessBase"]
[SourceDate "2024.05.31"]
[SourceVersion "1"]
[SourceVersionDate "2024.05.31"]
[SourceQuality "1"]

1. e4 e5 2. Nf3 Nc6 3. Bb5 a6 4. Ba4 Nf6 5. 0-0 Be7 6. d3 b5 7. Bb3 d6 8. c3 0-0 9. h3 Be6 10. Bxe6 fxe6 11. Re1 d5 12. exd5 Qxd5 13. Qb3 e4 14. dxe4 Nxe4 15. Be3 Rad8 16. Nbd2 Nxd2 17. Nxd2 Ne5 18. Bd4 Nd3 19. Rxe6 c5 20. Qxd5 Rxd5 21. Bxg7 Rxf2 22. Bh6 Bg5 23. Ne4 Kf7 24. Nxf2 Kxe6 25. Bxg5 Nxf2 26. Kxf2 Rxg5 27. Re1+ Kf7 28. Re3 Rd5 29. Ke2 c4 30. Re4 Kf6 31. Rd4 Rxd4 32. cxd4 b4 33. g4 Kg5 34. Ke3 a5 35. a4 Kf6 36. h4 h6 37. d5 Ke5 38. d6 Kxd6 39. Ke4 1-0

[Event "Cappelle op 40th"]
[Site "Cappelle la Grande"]
[Date "2024.03.05"]
[Round "5"]
[White "Enchev, Ivajlo"]
[Black "Feryn, Benjamin"]
[Result "1-0"]
[WhiteElo "2425"]
[BlackElo "2182"]
[PlyCount "97"]
[EventDate "2024.03.02"]
[EventType "swiss"]
[EventRounds "9"]
[EventCountry "FRA"]
[SourceTitle "CBM 219 Extra"]
[Source "ChessBase"]
[SourceDate "2024.05.31"]
[SourceVersion "1"]
[SourceVersionDate "2024.05.31"]
[SourceQuality "1"]

1. d4 g6 2. Nf3 Bg7 3. Bf4 d6 4. Nc3 Nd7 5. e4 e5 6. Bg5 Ngf6 7. Bc4 0-0 8. 0-0 h6 9. Bh4 exd4 10. Nxd4 c6 11. a4 Nc5 12. Re1 Re8 13. Nb3 Nxb3 14. cxb3 Be6 15. a5 g5 16. Bg3 d5 17. exd5 Nxd5 18. Nxd5 cxd5 19. Bb5 Bd7 20. Qxd5 Rxe1+ 21. Rxe1 Qxa5 22. Re7 Be6 23. Qxb7 Rd8 24. Bf1 Bf6 25. Bc7 Qd5 26. Bxd8 Qxd8 27. Rxe6 fxe6 28. Qxa7 Bxb2 29. Qe3 Qf6 30. Bc4 Kf7 31. g3 Bd4 32. Qe2 Qe5 33. Qc2 Ke7 34. Kg2 Kd6 35. Bd3 Bc5 36. Bc4 Qd4 37. f3 h5 38. Qg6 Qb2+ 39. Kh3 Bg1 40. Qxe6+ Kc5 41. Qe7+ Kb6 42. Qd8+ Kb7 43. Bd5+ Ka6 44. Bc4+ Kb7 45. Qe7+ Kb6 46. Qe6+ Kc5 47. Qf5+ Kb4 48. Qb5+ Kc3 49. Qe5+ 1-0

[Event "La Plagne Soleil op"]
[Site "La Plagne"]
[Date "2023.07.14"]
[Round "9"]
[White "Maurizzi, Marc Andria"]
[Black "Enchev, Ivajlo"]
[Result "1-0"]
[WhiteElo "2556"]
[BlackElo "2418"]
[PlyCount "55"]
[EventDate "2023.07.08"]
[EventType "swiss"]
[EventRounds "9"]
[EventCountry "FRA"]
[SourceTitle "CBM 215 Extra"]
[Source "ChessBase"]
[SourceDate "2023.09.30"]
[SourceVersion "1"]
[SourceVersionDate "2023.09.30"]
[SourceQuality "1"]

1. e4 e5 2. Nf3 Nf6 3. Nxe5 d6 4. Nf3 Nxe4 5. c4 Nc6 6. d3 Nf6 7. d4 Be7 8. d5 Ne5 9. Nd4 c5 10. Nc2 Bg4 11. Be2 h5 12. 0-0 h4 13. Bxg4 Nexg4 14. h3 Ne5 15. Ne3 Qd7 16. Nd2 Nh5 17. Nf3 g6 18. Re1 0-0 19. Nxe5 dxe5 20. Ng4 f6 21. Qd3 Kh7 22. Qd2 Nf4 23. Qc2 Nh5 24. Qd2 Nf4 25. Kh2 g5 26. Qc2+ Ng6 27. Bxg5 e4 28. Rxe4 1-0

[Event "FRA-chT Top 16 Gp Basse"]
[Site "Chartres"]
[Date "2023.06.11"]
[Round "4.4"]
[White "Lucas, Arthur"]
[Black "Enchev, Ivajlo"]
[Result "1-0"]
[WhiteElo "2326"]
[BlackElo "2437"]
[PlyCount "79"]
[EventDate "2023.06.08"]
[EventType "team-tourn"]
[EventRounds "4"]
[EventCountry "FRA"]
[SourceTitle "CBM 214 Extra"]
[Source "ChessBase"]
[SourceDate "2023.07.31"]
[SourceVersion "1"]
[SourceVersionDate "2023.07.31"]
[SourceQuality "1"]
[WhiteTeam "Poitiers Migne"]
[BlackTeam "Cappelle la Grande"]
[WhiteTeamCountry "FRA"]
[BlackTeamCountry "FRA"]

1. e4 c6 2. Nf3 d5 3. Nc3 dxe4 4. Nxe4 Nf6 5. Qe2 Nxe4 6. Qxe4 Nd7 7. d4 Nf6 8. Qf4 e6 9. c3 Bd6 10. Qh4 b6 11. Bd3 Bb7 12. 0-0 h6 13. Bf4 Rc8 14. Rfe1 Bxf4 15. Qxf4 0-0 16. Rad1 Qd5 17. c4 Qa5 18. a3 c5 19. dxc5 bxc5 20. Bf1 Rb8 21. Ne5 Ba8 22. Re2 Rb3 23. Nd7 Nxd7 24. Rxd7 Qb6 25. Qc7 a6 26. Qxb6 Rxb6 27. Rc7 Rc6 28. Rxc6 Bxc6 29. Re5 Rd8 30. Rxc5 Ba4 31. b4 Rd1 32. f3 f5 33. Kf2 f4 34. Re5 Kf7 35. g3 Rd2+ 36. Re2 Rd3 37. Rxe6 fxg3+ 38. hxg3 Rxf3+ 39. Kxf3 Kxe6 40. Ke4 1-0

[Event "FRA-chT Top 16 GpA"]
[Site "Chartres"]
[Date "2023.06.07"]
[Round "7.1"]
[White "Enchev, Ivajlo"]
[Black "Lagarde, Maxime"]
[Result "0-1"]
[WhiteElo "2437"]
[BlackElo "2597"]
[PlyCount "44"]
[EventDate "2023.06.01"]
[EventType "team-tourn"]
[EventRounds "7"]
[EventCountry "FRA"]
[SourceTitle "CBM 217 Extra"]
[Source "ChessBase"]
[SourceDate "2024.01.31"]
[SourceVersion "1"]
[SourceVersionDate "2024.01.31"]
[SourceQuality "1"]
[WhiteTeam "Cappelle la Grande"]
[BlackTeam "Chartres"]
[WhiteTeamCountry "FRA"]
[BlackTeamCountry "FRA"]

1. d4 Nf6 2. c4 e6 3. Nc3 Bb4 4. Qc2 d5 5. cxd5 Qxd5 6. Nf3 Qf5 7. Qb3 Nc6 8. Bd2 0-0 9. e3 Bd6 10. Nb5 e5 11. dxe5 Bxe5 12. Bd3 Qh5 13. Nxe5 Nxe5 14. Be2 Qg6 15. Nxc7 Qxg2 16. 0-0-0 Bg4 17. Bxg4 Nfxg4 18. Nxa8 Nxf2 19. Rhg1 Qe4 20. Nc7 Ned3+ 21. Kb1 Nb4+ 22. Ka1 Nc2+ 0-1

[Event "Cappelle op 39th"]
[Site "Cappelle la Grande"]
[Date "2023.02.22"]
[Round "7"]
[White "Bournel, Antoine"]
[Black "Enchev, Ivajlo"]
[Result "1/2-1/2"]
[WhiteElo "2359"]
[BlackElo "2444"]
[PlyCount "172"]
[EventDate "2023.02.18"]
[EventType "swiss"]
[EventRounds "9"]
[EventCountry "FRA"]
[SourceTitle "CBM 213 Extra"]
[Source "ChessBase"]
[SourceDate "2023.05.31"]
[SourceVersion "1"]
[SourceVersionDate "2023.05.31"]
[SourceQuality "1"]

1. d4 Nf6 2. c4 e6 3. Nf3 d5 4. Nc3 Bb4 5. cxd5 exd5 6. Bf4 c5 7. dxc5 Nc6 8. e3 Ne4 9. Rc1 Qa5 10. Bd3 Bxc3+ 11. bxc3 Bg4 12. 0-0 Nxc5 13. Bb1 Ne6 14. Bg3 Rd8 15. Qb3 Nc5 16. Qc2 Bh5 17. Nh4 Bg6 18. Nxg6 hxg6 19. c4 d4 20. exd4 Nxd4 21. Rfe1+ Nde6 22. Red1 0-0 23. Bd6 Rfe8 24. h3 Qb6 25. Be5 Qc6 26. Rxd8 Rxd8 27. Rd1 Rd7 28. Kf1 b6 29. Rxd7 Qxd7 30. Qe2 Qa4 31. g3 Qa3 32. Kg2 Qc1 33. Be4 Nxe4 34. Qxe4 Qa3 35. Qc2 Qc5 36. Qe4 Qa5 37. Qe2 Qa4 38. h4 Qc6+ 39. Kg1 Nc5 40. Bb8 a6 41. Qe3 Ne6 42. Qd3 Qa4 43. Ba7 Qc6 44. Bb8 Qc8 45. Be5 Qc5 46. Bb8 Nd4 47. Bf4 b5 48. cxb5 Qd5 49. Qe3 axb5 50. a3 Nc2 51. Qc3 Qd1+ 52. Kg2 Qe2 53. Kg1 Qd1+ 54. Kg2 Ne1+ 55. Kh2 Qe2 56. Kg1 Qe4 57. Kf1 Nc2 58. Kg1 Kh7 59. Be3 Nxe3 60. fxe3 Qf3 61. Qe5 f6 62. Qf4 Qe2 63. Qe4 Qd2 64. Qe8 Qe1+ 65. Kg2 Qe2+ 66. Kg1 Qf3 67. Kh2 Qf2+ 68. Kh3 Qg1 69. Qe4 f5 70. Qf3 Qb1 71. h5 Qd3 72. Kh4 Qd8+ 73. Kh3 Qd6 74. e4 Qe6 75. exf5 gxf5 76. Qf4 Qe4 77. Qxe4 fxe4 78. g4 g6 79. Kg3 gxh5 80. gxh5 Kh6 81. Kf4 Kxh5 82. Kxe4 Kg6 83. Kd5 Kf7 84. Kc5 Ke7 85. Kxb5 Kd8 86. Kb6 Kc8 1/2-1/2

[Event "Shumen Stojan Ivanov Memorial"]
[Site "Shumen"]
[Date "2022.07.30"]
[Round "3"]
[White "Mutafov, Krasimir"]
[Black "Enchev, Ivajlo"]
[Result "0-1"]
[WhiteElo "2136"]
[BlackElo "2445"]
[PlyCount "58"]
[EventDate "2022.07.30"]
[EventType "swiss (rapid)"]
[EventRounds "9"]
[EventCountry "BUL"]
[SourceTitle "CBM 209 Extra"]
[Source "ChessBase"]
[SourceDate "2022.09.30"]
[SourceVersion "1"]
[SourceVersionDate "2022.09.30"]
[SourceQuality "1"]

1. e4 c6 2. c4 d5 3. exd5 cxd5 4. cxd5 Nf6 5. Qa4+ Nbd7 6. Bc4 a6 7. Nc3 g6 8. Nf3 Bg7 9. Qb4 b5 10. Bb3 0-0 11. Nd4 a5 12. Qxb5 Ba6 13. Nc6 Qc7 14. Qxa5 Qxa5 15. Nxa5 Ne5 16. d4 Nd3+ 17. Kd2 Nxf2 18. Rg1 Bh6+ 19. Ke1 Nd3+ 20. Kd1 Nxc1 21. Rxc1 Ng4 22. Kc2 Ne3+ 23. Kb1 Bd3+ 24. Ka1 Rxa5 25. g4 Rb8 26. Na4 Bf4 27. Rc3 Bc4 28. Re1 Bxb3 29. Rxb3 Rxb3 0-1

[Event "Seville op 47th"]
[Site "Seville"]
[Date "2022.07.22"]
[Round "8"]
[White "Enchev, Ivajlo"]
[Black "Avila Pavas, Santiago"]
[Result "1/2-1/2"]
[WhiteElo "2445"]
[BlackElo "2453"]
[PlyCount "226"]
[EventDate "2022.07.16"]
[EventType "swiss"]
[EventRounds "9"]
[EventCountry "ESP"]
[SourceTitle "CBM 209 Extra"]
[Source "ChessBase"]
[SourceDate "2022.09.30"]
[SourceVersion "1"]
[SourceVersionDate "2022.09.30"]
[SourceQuality "1"]

1. d4 Nf6 2. c4 e6 3. Nf3 d5 4. Nc3 dxc4 5. e3 a6 6. a4 Bb4 7. Bxc4 0-0 8. 0-0 b6 9. Na2 Be7 10. b4 Bb7 11. Bb2 Nbd7 12. Qe2 Ra7 13. Rfd1 Qa8 14. Ne1 Rc8 15. f3 b5 16. Bb3 bxa4 17. Bxa4 Nb6 18. Bb3 a5 19. bxa5 Rxa5 20. Nc3 c5 21. dxc5 Bxc5 22. Nd3 Ba3 23. Bxa3 Rxa3 24. Qb2 Rxa1 25. Rxa1 Qb8 26. e4 Qd6 27. Rd1 Ne8 28. Nb5 Qd7 29. Nd4 Na4 30. Bxa4 Qxa4 31. Ra1 Qc4 32. Ne5 Qc5 33. Nd3 Qc4 34. Ne5 Qc7 35. Ne2 Ba8 36. Rd1 f6 37. Ng4 Qc5+ 38. Kf1 Qe7 39. Qb3 Nd6 40. Ne3 Nf7 41. Nd4 Re8 42. Qa4 Kf8 43. Nc4 Bb7 44. Qb5 Bc8 45. Nb6 Kg8 46. Rc1 Nd6 47. Qc5 Ba6+ 48. Kg1 Nc4 49. Qxe7 Rxe7 50. Rxc4 Bxc4 51. Nxc4 Rc7 52. Ne3 Kf7 53. Kf2 Ra7 54. h4 Ra4 55. Ne2 Rb4 56. Nc2 Ra4 57. Ke3 Ra2 58. Nb4 Ra3+ 59. Nd3 Kg6 60. g3 Kf7 61. f4 h5 62. Nd4 Rc3 63. Kd2 Rc4 64. Nb5 Ke7 65. e5 Ra4 66. Nc3 Ra1 67. Ne2 Ra5 68. Ke3 Ra2 69. Nd4 Ra3 70. Nc2 Rc3 71. Ncb4 Ra3 72. Ke4 Kf7 73. Nc6 Rc3 74. Nd4 Ra3 75. Nb5 Ra4+ 76. Ke3 Ra5 77. Nd6+ Ke7 78. Nb4 Ra3+ 79. Nd3 Ra5 80. Nc4 Rb5 81. Kd4 Rb1 82. Ke3 Rb5 83. Nd2 Ra5 84. Nf3 Ra1 85. Nd4 Ra3 86. exf6+ Kxf6 87. Ke4 Rc3 88. Nf3 Ra3 89. Nc5 Rc3 90. Nd7+ Ke7 91. Nde5 Kf6 92. Nd3 Ra3 93. Nd4 Rc3 94. Ke3 Ra3 95. Kd2 Ra2+ 96. Ke3 Ra3 97. Nb5 Rb3 98. Nd6 Ra3 99. Kd4 Ra6 100. Ne4+ Kf5 101. Nef2 Ra3 102. Kc4 Ra1 103. Kd4 Ra3 104. Ke3 Rb3 105. Kf3 Ra3 106. Kg2 Ra2 107. Ne5 Rb2 108. Nf3 Ra2 109. Nd4+ Kf6 110. Kg1 Ra4 111. Nf3 Kf5 112. Kg2 Rc4 113. Nd2 Ra4 1/2-1/2

[Event "Seville op 47th"]
[Site "Seville"]
[Date "2022.07.17"]
[Round "3"]
[White "Serrano Almendros, Alejandro"]
[Black "Enchev, Ivajlo"]
[Result "0-1"]
[WhiteElo "2177"]
[BlackElo "2445"]
[PlyCount "132"]
[EventDate "2022.07.16"]
[EventType "swiss"]
[EventRounds "9"]
[EventCountry "ESP"]
[SourceTitle "CBM 209 Extra"]
[Source "ChessBase"]
[SourceDate "2022.09.30"]
[SourceVersion "1"]
[SourceVersionDate "2022.09.30"]
[SourceQuality "1"]

1. e4 e5 2. d4 exd4 3. Qxd4 Nc6 4. Qc4 Nf6 5. Nc3 Bb4 6. Bd2 d6 7. 0-0-0 Be6 8. Qe2 Qe7 9. a3 Bc5 10. Be3 0-0-0 11. Nf3 Rhe8 12. h3 Bd7 13. Nd2 Bd4 14. Bxd4 Nxd4 15. Qe3 c5 16. g4 Bc6 17. Bg2 d5 18. Rhe1 Nxc2 19. Kxc2 d4 20. Qg3 dxc3 21. Qxc3 g5 22. f3 Rd4 23. Nb3 Rxd1 24. Rxd1 Ba4 25. Kb1 Qe5 26. Rc1 Qxc3 27. Rxc3 Bxb3 28. Rxb3 Nd7 29. Rd3 Ne5 30. Rd5 b6 31. Kc2 Kc7 32. Kc3 a5 33. Rd1 Rd8 34. Rf1 Rd3+ 35. Kc2 Re3 36. Rf2 Nd3 37. Rf1 Nf4 38. Rf2 Ne6 39. Kd2 Rb3 40. Kc1 Nd4 41. Rd2 Kd6 42. Bh1 Ke5 43. h4 h6 44. hxg5 hxg5 45. Rh2 c4 46. Rh7 c3 47. bxc3 Rxc3+ 48. Kd2 Rxa3 49. Rxf7 Ra2+ 50. Ke3 Re2+ 51. Kd3 Rh2 52. f4+ gxf4 53. Re7+ Ne6 54. Bf3 Rh3 55. Ke2 Kd6 56. Rb7 Nd4+ 57. Kd3 Nxf3 58. Rxb6+ Kc5 59. Rf6 Ne5+ 60. Kd2 Rf3 61. g5 Kd4 62. g6 Kxe4 63. Ra6 Rg3 64. Ke2 Rg2+ 65. Kf1 Kf3 66. Rxa5 Nc4 0-1